000 00606nam a2200193Ia 4500
005 20250508160709.0
008 008 250505s9999 xx 000 0 eng d
037 _aTextual
040 _aFEDL
_beng
_cFEDL
041 _aeng
_2eng
084 _a420.702, BLA
_qFEDL
100 _aBlackburn Thomas Ed.
_9769138
245 0 _aHand book for english teachers: One presenting poetry
245 0 _cUniversity of Institute of London Education
260 _aLondon, UK
_bMethuen Educational Limited
_c1966
300 _axvii,221p.
942 _cTEXL
_h420.702, BLA
999 _c1366086
_d1366086